Manual de logística para la gestión de almacenes

Kaydedildi:
Detaylı Bibliyografya
Yazar: Roux, Michel (Yazar)
Materyal Türü: Kitap
Dil:İspanyolca
Baskı/Yayın Bilgisi: Barcelona Gestión 2000 1997
Edisyon:1a. ed
Konular:
Etiketler: Etiketle
Etiket eklenmemiş, İlk siz ekleyin!

MARC

LEADER 00000nam a2200000 a 4500
001 UCK5658
003 CL-VaPUC
008 050812e19971000SP |||||||||||||||||spa|d
020 |a 8480881720 
082 0 4 |a 658.785  |b ROU  |2 21 
100 0 |a Roux, Michel  |e author  |9 494556 
245 1 0 |a Manual de logística para la gestión de almacenes 
250 |a 1a. ed 
300 |a 207 p 
942 |c BK 
945 |d 20050812 00:00:00  |a jcarroza 
260 |a Barcelona  |b Gestión 2000  |c 1997 
650 0 |a Almacenes  |9 427705 
650 7 |a LOGISTICA  |2 CL-VaPUC  |9 485423 
650 0 |a Gestión de stocks  |9 365220 
583 |a last modification  |c 20050812 00:00:00  |k Rodrigo Vera 
999 |c 314154  |d 314152 
952 |0 0  |1 0  |4 0  |6 658_785000000000000_ROU_1997  |7 0  |8 A  |9 386117  |a BIBING  |b BIBING  |d 2019-11-22  |i 4227786  |o 658.785 ROU 1997  |p 4227786  |r 2025-01-20  |w 2019-11-22  |y BK  |k EII